| 000 | 00000nam##2200000za#4500 |
| 001 | 9.639809 |
| 003 | CaOODSP |
| 005 | 20220107134005 |
| 007 | cr ||||||||||| |
| 008 | 150407|1995||||xxc|||||o f|0| 0 fre|d |
| 040 | |aCaOODSP|bfre |
| 043 | |an-cn--- |
| 086 | 1 |aH72-21/132-1995F-PDF |
| 110 | 2 |aCentre national d'information sur la violence dans la famille (Canada) |
| 245 | 10|aRompre le silence, faire naître l'espoir : |h[ressource électronique]|bune aide aux adultes qui abusent sexuellement des enfants / |
| 260 | |aOttawa - Ontario : |bSanté Canada. |cc1995. |
| 300 | |a14p.|bfigure |
| 500 | |aLe n° de catalogue (H72-21/132-1995F) et l'ISBN (0-662-99782-4) de l'édition imprimée ont été incorrectement copiés dans l'édition électronique. |
| 504 | |aBibliographie. |
| 590 | |a12-13-Supp|b2012-04-03 |
| 720 | 1 |aMathews, Frederick |
| 775 | 08|tBreaking silence, creating hope : |w(CaOODSP)9.695676 |
| 776 | 0#|tBreaking silence, creating hope : |w(CaOODSP)9.657411 |
| 776 | 0#|tRompre le silence: faire naître l'espoir : |w(CaOODSP)9.657412 |
| 856 | 40|ahttp://publications.gc.ca|qPDF|s212 Ko|uhttps://publications.gc.ca/collections/Collection/H72-21-132-1995F.pdf |